[Event "Subcarpathian-chT"]
[Site "Bystre"]
[Date "2021.06.12"]
[Round "7.24"]
[White "Wladyka, Angelika"]
[Black "Strzalka, Monika"]
[Result "1/2-1/2"]
[WhiteElo "1557"]
[BlackElo "1118"]
[PlyCount "41"]
[EventDate "2021.06.09"]
[EventType "team-tourn"]
[EventRounds "9"]
[EventCountry "POL"]
[SourceTitle "EXT 2022"]
[Source "ChessBase"]
[SourceDate "2021.10.06"]
[SourceVersion "1"]
[SourceVersionDate "2021.10.06"]
[SourceQuality "1"]

1. e4 e6 2. d4 d5 3. exd5 exd5 4. Nf3 Nf6 5. c4 c6 6. Be2 Be7 7. 0-0 Bf5 8. Nc3 0-0 9. Bf4 Nbd7 10. Rc1 dxc4 11. Bxc4 Nb6 12. Bd3 Bxd3 13. Qxd3 Nfd5 14. Be5 Bf6 15. Ne4 Bxe5 16. Nxe5 Nf4 17. Qd2 Nbd5 18. g3 Ne6 19. Rcd1 f5 20. Nc3 Nxc3 21. Qxc3 1/2-1/2

[Event "EU-ch U18 Girls"]
[Site "Prague"]
[Date "2012.08.23"]
[Round "7"]
[White "Sabolova, Kristyna"]
[Black "Wladyka, Angelika"]
[Result "1/2-1/2"]
[WhiteElo "1889"]
[BlackElo "1658"]
[PlyCount "143"]
[EventDate "2012.08.17"]
[EventType "swiss"]
[EventRounds "9"]
[EventCountry "CZE"]
[SourceTitle "CBM 150 Extra"]
[Source "ChessBase"]
[SourceDate "2012.10.19"]
[SourceVersion "1"]
[SourceVersionDate "2012.10.19"]
[SourceQuality "1"]

1. d4 g6 2. Nf3 Bg7 3. g3 c5 4. c3 cxd4 5. cxd4 Nf6 6. Bg2 0-0 7. 0-0 d5 8. Ne5 Nc6 9. Nc3 e6 10. b3 Qd6 11. f4 Qb4 12. Bd2 Qxd4+ 13. e3 Qb6 14. Na4 Qd8 15. Nxc6 bxc6 16. Rc1 Bb7 17. b4 Nd7 18. Qb3 Ba6 19. Rfd1 Bc4 20. Rxc4 dxc4 21. Qxc4 Nb6 22. Nxb6 Qxb6 23. Bxc6 Rad8 24. Kf2 Rd6 25. b5 Rfd8 26. Ke2 a6 27. a4 axb5 28. axb5 e5 29. e4 exf4 30. gxf4 Qc7 31. Qa2 Bc3 32. Bd5 Bxd2 33. Qxd2 Qb6 34. Qd3 Qc7 35. Qb3 Qd7 36. h3 Qc7 37. Kf3 Qd7 38. Kg3 Qc7 39. Rb1 Rb6 40. Rd1 g5 41. e5 gxf4+ 42. Kxf4 Kf8 43. Bc6 Rxd1 44. Qxd1 Qc8 45. Qd4 Rb8 46. Qd6+ Kg8 47. Kg5 Qd8+ 48. Qxd8+ Rxd8 49. b6 Kg7 50. b7 h6+ 51. Kf5 Kf8 52. e6 Ke7 53. exf7 Kxf7 54. Bd7 Rb8 55. Bc8 Kg7 56. Ke6 h5 57. Kd6 h4 58. Kc7 Rxb7+ 59. Kxb7 Kh8 60. Kc6 Kg7 61. Kd5 Kh8 62. Ke5 Kg7 63. Kf4 Kh8 64. Kg4 Kg7 65. Kxh4 Kh8 66. Kg5 Kg7 67. h4 Kh8 68. Kg6 Kg8 69. h5 Kh8 70. Kf7 Kh7 71. Bf5+ Kh8 72. h6 1/2-1/2

[Event "POL-chT U19 2nd League"]
[Site "Borowice"]
[Date "2012.07.24"]
[Round "5"]
[White "Wladyka, Angelika"]
[Black "Ziemba, Magdalena"]
[Result "1-0"]
[WhiteElo "1658"]
[BlackElo "1514"]
[PlyCount "187"]
[EventDate "2012.07.21"]
[EventType "team-swiss"]
[EventRounds "11"]
[EventCountry "POL"]
[SourceTitle "EXT 2014"]
[Source "ChessBase"]
[SourceDate "2013.11.20"]
[SourceVersion "1"]
[SourceVersionDate "2013.11.20"]
[SourceQuality "1"]
[WhiteTeam "Krosno KKSz Urania U19"]
[BlackTeam "Gorlice GKSz Kornuty U19"]
[WhiteTeamCountry "POL"]
[BlackTeamCountry "POL"]

1. e4 e6 2. d4 d5 3. Nc3 Bb4 4. a3 Bxc3+ 5. bxc3 Ne7 6. Bd3 b6 7. Ne2 c5 8. c4 cxd4 9. cxd5 exd5 10. Nxd4 0-0 11. 0-0 Na6 12. exd5 Nxd5 13. Bb2 Nf4 14. Be4 Rb8 15. Qf3 Qg5 16. Bc1 Qxg2+ 17. Qxg2 Nxg2 18. Bxg2 Bb7 19. Bf4 Bxg2 20. Kxg2 Rbc8 21. Rac1 Nc5 22. Nf5 Rcd8 23. Rcd1 Ne6 24. Be3 g6 25. Rxd8 Rxd8 26. Ne7+ Kf8 27. Nc6 Rc8 28. Nxa7 Rxc2 29. Bxb6 Nf4+ 30. Kf3 Nd5 31. Be3 Nxe3 32. Kxe3 Rc3+ 33. Ke2 Rxa3 34. Nb5 Rh3 35. Rh1 Kg7 36. Nd4 Ra3 37. Nc2 Ra2 38. Kd3 Ra4 39. Ne3 Rf4 40. Ke2 h6 41. Rg1 Kh7 42. Rg4 Rf6 43. Ra4 Re6 44. Kf3 Kg7 45. Kg3 Rd6 46. Ra7 Re6 47. Ng2 Rd6 48. h4 Re6 49. Nf4 Rd6 50. Ra3 g5 51. Nh3 gxh4+ 52. Kxh4 Rf6 53. Kg3 Rg6+ 54. Kh2 Rf6 55. Rg3+ Kh7 56. Kg2 Kh8 57. Rf3 Rg6+ 58. Kh2 Rg7 59. Nf4 Rg5 60. Kh3 Kh7 61. Kh4 Rb5 62. Ne2 Kg7 63. Ng3 Kg6 64. Rc3 Rb4+ 65. Kh3 Rf4 66. f3 Rf6 67. Kg4 Rb6 68. Rc5 Rb4+ 69. f4 Rb6 70. Rc8 f5+ 71. Kf3 Rb3+ 72. Kf2 Rb4 73. Rc6+ Kf7 74. Nh5 Rb3 75. Rf6+ Kg8 76. Rxf5 Kh7 77. Ng3 Kg6 78. Ra5 Rb4 79. Kf3 Rb3+ 80. Kg4 Rb4 81. Ra6+ Kh7 82. Nh5 Rb7 83. Ng3 Rg7+ 84. Kh4 Rf7 85. f5 Kg7 86. Rg6+ Kh7 87. Kh5 Rf8 88. Rxh6+ Kg7 89. Kg5 Rf7 90. f6+ Kg8 91. Kg6 Rg7+ 92. Kf5 Rxg3 93. Rg6+ Rxg6 94. Kxg6 1-0

[Event "POL-chT U19 2nd League"]
[Site "Chelm Lubelski"]
[Date "2010.07.14"]
[Round "11"]
[White "Kaczor, Katarzyna"]
[Black "Wladyka, Angelika"]
[Result "1/2-1/2"]
[WhiteElo "1664"]
[BlackElo "1640"]
[PlyCount "89"]
[EventDate "2010.07.06"]
[EventType "team-tourn"]
[EventRounds "11"]
[EventCountry "POL"]
[SourceTitle "EXT 2011"]
[Source "ChessBase"]
[SourceDate "2010.11.26"]
[SourceVersion "1"]
[SourceVersionDate "2010.11.26"]
[SourceQuality "1"]
[WhiteTeam "Kielce Fart U19"]
[BlackTeam "Krosno KKSz Urania U19"]
[WhiteTeamCountry "POL"]
[BlackTeamCountry "POL"]

1. c4 c5 2. Nc3 g6 3. g3 Bg7 4. Bg2 f5 5. Nf3 Nf6 6. d3 Nc6 7. Bd2 d6 8. Qc1 e5 9. 0-0 0-0 10. Rb1 Re8 11. Re1 Rb8 12. h3 b6 13. Bh6 Bb7 14. Bxg7 Kxg7 15. a3 Nd4 16. Nxd4 exd4 17. Nd1 Bxg2 18. Kxg2 d5 19. b3 Rb7 20. Nb2 Rbe7 21. Qd2 Qa8 22. Kh2 h5 23. e3 Qb8 24. exd4 cxd4 25. Rxe7+ Rxe7 26. Re1 Qd6 27. Rxe7+ Qxe7 28. a4 Qe5 29. Kg2 Qe7 30. Nd1 Qb7 31. Kg1 Qe7 32. Kf1 Kf7 33. Qb2 Qb4 34. Qxd4 Qxb3 35. Nb2 dxc4 36. dxc4 Qc2 37. Kg2 Ne4 38. Qd7+ Kf6 39. Qd8+ Kf7 40. Nd3 Kg7 41. Qe7+ Kg8 42. Qe8+ Kg7 43. Qe7+ Kh6 44. Qf8+ Kh7 45. Qf7+ 1/2-1/2

[Event "POL-chT U19 2nd League"]
[Site "Chelm Lubelski"]
[Date "2010.07.12"]
[Round "8"]
[White "Wladyka, Angelika"]
[Black "Graczyk, Natalia"]
[Result "0-1"]
[WhiteElo "1640"]
[BlackElo "1637"]
[PlyCount "80"]
[EventDate "2010.07.06"]
[EventType "team-tourn"]
[EventRounds "11"]
[EventCountry "POL"]
[SourceTitle "EXT 2011"]
[Source "ChessBase"]
[SourceDate "2010.11.26"]
[SourceVersion "1"]
[SourceVersionDate "2010.11.26"]
[SourceQuality "1"]
[WhiteTeam "Krosno KKSz Urania U19"]
[BlackTeam "Gorlice GKSz Kornuty U19"]
[WhiteTeamCountry "POL"]
[BlackTeamCountry "POL"]

1. d4 d5 2. c4 c6 3. Bf4 Bf5 4. e3 e6 5. Nf3 Bd6 6. Bxd6 Qxd6 7. Bd3 Bg4 8. Nc3 Nd7 9. c5 Qc7 10. h3 Bh5 11. b4 f5 12. b5 Ngf6 13. bxc6 bxc6 14. Rb1 Ne4 15. Qc2 0-0 16. Bxe4 fxe4 17. Ng5 Rf6 18. h4 e5 19. Ne2 Qa5+ 20. Nc3 Raf8 21. 0-0 exd4 22. exd4 h6 23. Nh3 Bg4 24. Kh2 Qc7+ 25. g3 e3 26. Nf4 Rxf4 27. gxf4 Qxf4+ 28. Kg1 Bh3 29. f3 Qg3+ 30. Kh1 Bxf1 31. Rxf1 Rf4 32. Qg2 Rxh4+ 33. Kg1 Qxg2+ 34. Kxg2 Rxd4 35. Re1 Rd2+ 36. Kg1 d4 37. Ne4 Rxa2 38. Rb1 Ne5 39. f4 Nf3+ 40. Kf1 e2+ 0-1